[Event "17th Delhi GM Open 2019"]
[Site "Delhi"]
[Date "2019.01.13"]
[Round "7"]
[White "Aditya Mittal"]
[Black "Dzhumaev, Marat"]
[Result "0-1"]
[WhiteElo "2251"]
[BlackElo "2437"]
[Annotator "TA"]
[PlyCount "134"]
[EventDate "2019.01.09"]
[EventType "swiss"]
[EventCountry "IND"]
[SourceTitle "playchess.com"]
[Source "ChessBase"]
[SourceQuality "1"]

{[%evp 25,134,37,30,41,22,22,79,58,78,83,79,78,109,104,138,127,135,53,69,39,46,30,41,0,0,0,20,8,33,0,0,11,12,-24,0,-27,-17,-44,-40,-34,25,22,93,21,13,23,13,0,0,7,54,0,0,-135,0,-177,-145,-215,0,0,0,0,-3,-805,-805,-781,-770,-756,-743,-704,-622,-732,-670,-710,-745,-710,-746,-756,-746,-743,-728,-1490,-1406,-1113,-270,-470,-125,-223,-97,-904,-655,-675,-127,-546,-280,-904,-876,-7054,-6729,-6119,-2396,-6520,-5197,-29994,-29995,-29995,-29996,-29996,-29997,-29997,-29998]} 1. d4 Nf6 2. c4 g6 3. Nc3 Bg7 4. e4 O-O 5. Nf3 d6 6. Be2 c6 7. O-O a6 8. h3 b5 9. a3 Nbd7 10. Be3 bxc4 11. Bxc4 d5 12. Bd3 dxe4 {E91: King's Indian: Classical: 6 Be2, unusual replies including 6...c5 and 6...Bg4} 13. Nxe4 Nd5 {[#] LiveBook: 3 Games} 14. Rc1 $146 ({Predecessor:} 14. Bg5 h6 15. Bd2 Qb6 16. b4 Rd8 17. Rc1 Nf8 18. Qa4 Ne6 19. Rxc6 Qb8 20. Qa5 {1-0 (37) Akobian,V (2567)-Shabalov,A (2604) Bellevue 2006}) 14... Nxe3 {White is slightly better.} 15. fxe3 Nb6 (15... e5 $11) 16. Rxc6 Nd5 17. Re1 Bh6 18. Qd2 Rb8 19. Rc2 Bb7 20. Nc5 a5 21. Nxb7 (21. Qf2 $16) 21... Rxb7 $14 22. Rc5 e6 23. Be4 a4 24. Ne5 Qh4 25. Ng4 $1 (25. Bxd5 Rxb2 26. Nf3 Rxd2 $17) 25... Bg5 {[%cal Bh6g5,Bg5e7,Be7d6][%mdl 32]} 26. Re2 Rfb8 27. Rc2 Rb3 28. Bxd5 exd5 29. Kh2 Be7 30. g3 Bd6 31. Qe1 h5 {[%mdl 1024] Black has compensation.} 32. Ne5 Qe4 (32... Qg5 $15) 33. Nd7 $11 Kg7 $1 34. Qf2 (34. Nxb8 $16 {And now Na6 would win.} Bxb8 35. Kg1) 34... Qe6 35. Nxb8 h4 $1 36. Kg2 hxg3 37. Qf3 Rxb8 38. e4 ({White should play} 38. Qg4 $14 f5 39. Qf3) 38... Rh8 {Strongly threatening ...Rh4.} 39. e5 (39. Qg4 $1 $11 {was the only way to keep the balance.} Qxg4 40. hxg4 dxe4 41. Kg1) 39... Qxh3+ $17 40. Kg1 Be7 41. Rc7 {[#]} ({Much weaker is} 41. Qxd5 $6 Rh4 $11) (41. Rc3 $17) 41... Qh4 $2 (41... Rh5 $1 $19 {[%cal Rh5f5]} 42. Qxd5 (42. Rxe7 Rf5 $17) 42... g2 43. Qxg2 Rg5 44. Rxe7 Rxg2+ 45. Rxg2 Qe3+ {[%mdl 64] Double Attack} 46. Kh2 Qxd4) 42. Qxd5 $11 {Hoping for Qe4.} g2 43. Qxg2 {Re4 is the strong threat.} Qxd4+ $40 {[%mdl 128] Black is up to no good.} 44. Qf2 $2 {[%mdl 8192]} (44. Rf2 $11) 44... Qd5 $19 {[%csl Gd5][%cal Rh8h1]} 45. Qg2 Qd1+ 46. Kf2 Bh4+ 47. Ke3 Rh5 48. Ke4 {[#]} Bg3 $1 {[%mdl 512]} 49. Rd2 (49. Qxg3 Qxe2+) 49... Rxe5+ 50. Kd3 Qb1+ 51. Rdc2 Bf4 52. Qf3 Rf5 53. R7c4 Bg5 54. Qe2 Rb5 $2 (54... Qh1 55. Rd2 Rd5+ 56. Rd4 Bxd2) 55. Rb4 $2 (55. Rc6 {was forced.} Bf6 56. Rxf6 Kxf6 57. Qe4 Qf1+ 58. Kd2) 55... Rd5+ $2 (55... Ra5 $19 {Threatens to win with ...Qg1.} 56. Rb7 Rf5) 56. Rd4 {[#]} (56. Kc4 $17 {was necessary.} Qa2+ 57. b3 Qxa3 58. Kxd5 Qxb4 59. bxa4) 56... Ra5 ({But not} 56... Qa2 57. Rxd5 Qxd5+ 58. Kc3 $17) (56... Rc5 $1 $19 {is more deadly.} 57. Rxa4 Bf6) 57. Rdc4 $2 {[%mdl 8192]} (57. Kc4 $17) 57... Bf6 58. Qf3 Qa2 $2 (58... Rh5 $19 {aiming for ...Rf5.} 59. Rxa4 Rc5) 59. Ke2 $2 {[%mdl 8192]} (59. Rc5 $17 {was the crucial defense.} Rxc5 60. Rxc5) 59... Re5+ 60. Re4 $2 (60. Kf2 Rh5 61. Qe3) 60... Qb1 61. Kd3 Rd5+ 62. Kc4 Rd7 (62... Rd8 $142 63. Ree2 Rc8+ 64. Kb4 Rxc2 65. Rxc2 Qxc2) 63. Ree2 Rc7+ 64. Kd3 Qd1+ {Black mates.} 65. Rcd2 Qb3+ 66. Ke4 Rc4+ 67. Kd5 Rc3+ {[%mdl 64] Discovered Attack (Double check). Accuracy: White = 23%, Black = 56%.} 0-1

[Event "17th Delhi GM Open 2019"]
[Site "Delhi"]
[Date "2019.01.13"]
[Round "7"]
[White "Ziatdinov, Raset"]
[Black "Khusenkhojaev, Muhammad"]
[Result "1-0"]
[WhiteElo "2248"]
[BlackElo "2455"]
[Annotator "TA"]
[PlyCount "87"]
[EventDate "2019.01.09"]
[EventType "swiss"]
[EventCountry "IND"]
[SourceTitle "playchess.com"]
[Source "ChessBase"]
[SourceQuality "1"]

{[%evp 21,87,-2,12,-32,18,-17,18,-8,-3,-7,0,-33,-26,-37,61,45,68,67,83,56,161,141,145,138,131,90,92,87,77,93,87,75,87,86,110,110,144,152,173,175,170,170,167,175,193,200,274,179,236,122,164,89,108,0,303,306,468,465,704,709,911,519,29973,886,29993,29994,29995,29996]} 1. e4 {[%cal Be2e4,Be4e5][%mdl 32]} e5 2. Nf3 Nc6 3. Bc4 Bc5 4. c3 Nf6 5. d4 exd4 6. e5 d5 7. Bb5 Ne4 8. cxd4 Bb6 9. Nc3 {[%cal Bb1c3,Bc3e2,Be2f4][%mdl 32]} O-O 10. Be3 {C54: Giuoco Piano: 4 c3 Nf6, main lines with 5 d4 and 5 d3} Bg4 11. h3 Bh5 {LiveBook: 85 Games} 12. Ne2 {The position is equal.} (12. Qc2 Bg6 13. Qb3 Ne7 14. O-O c6 15. Bd3 Kh8 16. Nh4 c5 17. Nxg6+ fxg6 18. Bxe4 cxd4 19. Nxd5 Nxd5 {1-0 (51) Jones,G (2677)-Aronian,L (2780) Douglas 2018}) 12... Ne7 13. Nf4 $146 ({Predecessor:} 13. g4 Bg6 14. Rc1 c6 15. Bd3 Ba5+ 16. Kf1 Nd2+ 17. Bxd2 Bxd3 18. Bxa5 Bxe2+ 19. Qxe2 Qxa5 {0-1 (31) Obon Temprano,S (2255)-Narciso Dublan,M (2544) Barbera del Valles 2011}) 13... Bg6 (13... Bxf3 $5 14. Qxf3 Ba5+ 15. Ke2 c5 16. dxc5 Bc3 17. bxc3 Nxc3+ 18. Kf1 Nxb5 $11) 14. g4 c5 {Black wants to play ...cxd4.} 15. O-O cxd4 16. Nxd4 Qc7 17. Nd3 Nc5 (17... Rfc8 $15) 18. Nxc5 $14 Bxc5 19. Rc1 $36 {[%mdl 2048] White is more active.} Qb6 20. a4 {Nf5 is the strong threat.} Rac8 (20... Rfc8 $14) 21. b4 Bxd4 22. Qxd4 Qe6 23. f4 {[%cal Bf2f4,Bf4f5][%mdl 32]} a6 24. Be2 $1 Be4 25. f5 Qd7 26. b5 axb5 27. axb5 Rxc1 28. Bxc1 Re8 {[#]} 29. Bb2 $1 {And now e6 would win.} Qc7 30. Rc1 Qb8 31. Qc5 h5 32. Kf1 hxg4 33. hxg4 Qa8 34. Ra1 Qc8 {[#]} (34... Qd8 $142) 35. Qe3 (35. Qxc8 $1 $18 Rxc8 36. Bd4) 35... Qc2 36. Bc3 ({White should try} 36. Qd4 $18) 36... Rc8 $16 37. Bb4 (37. Bd4 $16) 37... d4 $2 {[%mdl 8192]} (37... Qb2 $11 38. Qa3 Qxe5) 38. Qxd4 $18 Nd5 (38... Nxf5 $142 39. gxf5 Bxf5) 39. Bd2 Rd8 (39... Bxf5 $142 40. Qxd5 Be6) 40. Kf2 Rd7 41. Rc1 Qa2 (41... Nb6 $18 42. Qxd7 Nxd7 43. Rxc2 Bxc2) 42. Qxe4 (42. Rc8+ $142 Kh7 43. e6 Rc7 44. Rxc7 (44. Qxe4 Rxc8 45. exf7 Qxd2 $11) 44... Nxc7 45. Qxe4 f6 46. Qh1+ Kg8 47. Qxb7 Qxd2 48. Qxc7 Qd4+ 49. Kf3 Qd5+ 50. Ke3 Qb3+ 51. Kf2) 42... Qxd2 43. Rc8+ Kh7 44. f6+ {Precision: White = 49%, Black = 38%.} 1-0

[Event "17th Delhi GM Open 2019"]
[Site "Delhi"]
[Date "2019.01.13"]
[Round "7"]
[White "Praveen Kumar C"]
[Black "Nguyen, Van Huy"]
[Result "1-0"]
[WhiteElo "2233"]
[BlackElo "2450"]
[Annotator "TA"]
[PlyCount "69"]
[EventDate "2019.01.09"]
[EventType "swiss"]
[EventCountry "IND"]
[SourceTitle "playchess.com"]
[Source "ChessBase"]
[SourceQuality "1"]

{[%evp 19,69,-6,0,0,0,-21,0,0,0,0,12,23,32,-2,0,0,0,1,110,102,308,316,776,777,768,774,773,768,1141,728,776,715,765,758,776,776,758,767,769,736,760,745,678,569,853,818,955,708,693,675,844,835]} 1. d4 Nf6 2. c4 e6 3. Nc3 Bb4 4. g3 O-O 5. Bg2 d5 6. Nf3 dxc4 7. O-O Nc6 8. a3 Be7 9. e4 {E20: Nimzo-Indian: 4 g3 and 4 f3} b6 (9... Na5 10. Be3 Rb8 11. Qe2 b5 12. Rad1 a6 13. d5 Qe8 14. Rfe1 Nb3 15. Bf4 Rb7 16. h3 Nc5 17. dxe6 fxe6 {0-1 (45) Onischuk,A (2662)-Karjakin,S (2762) Baku 2015}) 10. Qe2 Na5 {LiveBook: 3 Games} ({Don't go for} 10... Nxd4 $2 11. Nxd4 Qxd4 12. e5 $16) 11. Bf4 {The position is equal.} Bb7 12. Rad1 c6 13. Rfe1 $146 ({Predecessor:} 13. Ne5 Re8 14. Bh3 Bf8 15. Bg5 h6 16. f4 c5 17. Bxf6 Qxf6 {0-1 (49) Perdomo,L (2463)-Mareco,S (2637) Foz do Iguacu 2018}) 13... b5 14. Ne5 Qe8 15. d5 Bc5 16. Bg5 {[#] Threatens to win with Bxf6.} Nd7 $1 {[%cal Rd7e5]} 17. Nxd7 Qxd7 18. Bh3 {Strongly threatening dxe6.} cxd5 (18... Qe8 $1 $11 {remains equal.}) 19. exd5 $16 Rae8 $2 {[#]} (19... Nb3 $16 {was worth a try.}) 20. Ne4 $18 Be7 $2 (20... Qxd5 21. Rxd5 exd5 22. Nxc5 Rxe2 23. Rxe2 d4) 21. dxe6 {White is clearly winning.} Qc6 22. exf7+ Rxf7 23. Bd7 Bxg5 24. Bxe8 Qxe4 25. Qxe4 Bxe4 26. Bxf7+ Kxf7 27. Rxe4 Bf6 28. Rd7+ Kg6 29. Rxa7 Nb3 30. Re6 Kf5 31. Rxf6+ gxf6 32. Rxh7 Ke4 33. Rd7 Nc5 34. Rd2 Nb3 35. Rd8 {Precision: White = 82%, Black = 18%.} 1-0

[Event "17th Delhi GM Open 2019"]
[Site "Delhi"]
[Date "2019.01.13"]
[Round "7"]
[White "Kurbonboeva, Sarvinoz"]
[Black "Thipsay, Praveen M"]
[Result "1/2-1/2"]
[WhiteElo "2214"]
[BlackElo "2405"]
[Annotator "NA"]
[PlyCount "185"]
[EventDate "2019.01.09"]
[EventType "swiss"]
[EventCountry "IND"]
[SourceTitle "playchess.com"]
[Source "ChessBase"]
[SourceQuality "1"]
[TimeControl "5400+30"]

1. d4 {[%emt 0:00:00]} Nf6 {[%emt 0:00:00]} 2. c4 {[%emt 0:00:00]} g6 {[%emt 0:00:09]} 3. g3 {[%emt 0:00:00]} Bg7 {[%emt 0:00:19]} 4. Bg2 {[%emt 0:00:02]} d6 {[%emt 0:00:11]} 5. Nc3 {[%emt 0:00:10]} O-O {[%emt 0:00:10]} 6. Nf3 {[%emt 0:00:10]} Nbd7 {[%emt 0:00:08]} 7. O-O {[%emt 0:00:07]} e5 {[%emt 0:00:26]} 8. e4 {[%emt 0:00:07]} a6 {[%emt 0:01:11]} 9. Qc2 {[%emt 0:02:18]} Rb8 {[%emt 0:01:33]} 10. Rd1 {[%emt 0:01:28]} exd4 {[%emt 0:00:07]} 11. Nxd4 {[%emt 0:00:10]} Re8 {[%emt 0:00:26]} 12. h3 {[%emt 0:01:56]} Ne5 {[%emt 0:01:38] E68: King's Indian: Fianchetto: 6...Nbd7 7 0-0 e5 8 e4} (12... c6 13. Bf4 Ne5 14. c5 Bf8 15. cxd6 Bxd6 16. Bxe5 Rxe5 17. Nf3 Qe7 18. Nxe5 Bxe5 19. Ne2 Be6 20. Rac1 {1-0 (35) Kovalenko,I (2700)-Maze,S (2582) Berlin 2015}) 13. b3 {[%emt 0:03:48]} c5 {[%emt 0:01:12]} 14. Nde2 {[%emt 0:01:41]} b5 {[%emt 0:00:17]} 15. f4 {[%emt 0:09:39]} Ned7 {[%emt 0:01:06]} 16. e5 {[%emt 0:21:17]} dxe5 {[%emt 0:34:20]} 17. fxe5 {[%emt 0:00:04]} Rxe5 $146 {[%emt 0:01:13]} ({Predecessor:} 17... Nh5 18. g4 Bxe5 19. gxh5 b4 20. hxg6 hxg6 21. Bd5 Kg7 22. Bf4 {½-½ (22) Egger Mancilla,J (2355)-Bjornsson,S Duisburg 1992}) 18. Bf4 {[%emt 0:00:07]} Qf8 {[%emt 0:04:29]} 19. cxb5 {[%emt 0:10:41]} axb5 {[%emt 0:00:15]} 20. Rab1 {[%emt 0:00:15]} g5 {[%emt 0:27:14]} 21. Bxe5 {[%emt 0:02:06]} Nxe5 {[%emt 0:00:07]} 22. Nd5 {[%emt 0:02:12]} g4 {[%emt 0:02:38]} 23. h4 {[%emt 0:05:54]} Nf3+ {[%emt 0:00:39]} 24. Kh1 {[%emt 0:00:40]} Nh5 {[%emt 0:14:23]} 25. Qe4 {[%emt 0:07:10]} f5 {[%emt 0:03:04]} 26. Qe7 {[%emt 0:04:13]} Bb7 {[%emt 0:01:28]} 27. Qxf8+ {[%emt 0:08:17]} Bxf8 {[%emt 0:00:08]} 28. Ndf4 {[%emt 0:01:39]} Nf6 {[%emt 0:00:08]} 29. Rbc1 {[%emt 0:00:43]} Ne4 {[%emt 0:00:24]} 30. Rf1 {[%emt 0:00:06]} Rd8 {[%emt 0:02:07]} 31. Rxf3 {[%emt 0:04:36]} gxf3 {[%emt 0:00:17]} 32. Bxf3 {[%emt 0:00:01]} Nxg3+ {[%emt 0:00:49]} 33. Kg2 {[%emt 0:00:02]} Nxe2 {[%emt 0:00:42]} 34. Nxe2 {[%emt 0:00:02]} Bxf3+ {[%emt 0:00:05]} 35. Kxf3 {[%emt 0:00:03]} Rd2 {[%emt 0:00:43]} 36. Nc3 {[%emt 0:02:22]} b4 {[%emt 0:00:49]} 37. Na4 {[%emt 0:00:02]} Rxa2 {[%emt 0:00:04]} 38. Nxc5 {[%emt 0:00:03]} Rb2 {[%emt 0:00:08]} 39. Rc4 {[%emt 0:00:49]} Kf7 {[%emt 0:00:38]} 40. Kf4 {[%emt 0:00:40]} Kg6 {[%emt 0:00:51]} 41. h5+ {[%emt 0:06:43]} Kxh5 {[%emt 0:00:06]} 42. Nd7 {[%emt 0:00:01]} Be7 {[%emt 0:00:28]} 43. Kxf5 {[%emt 0:00:11]} Rxb3 {[%emt 0:00:07]} 44. Ne5 {[%emt 0:00:08]} Bd6 {[%emt 0:01:47]} 45. Rc1 {[%emt 0:02:45]} Rh3 {[%emt 0:00:37]} 46. Nf7 {[%emt 0:00:28]} Rf3+ {[%emt 0:01:06]} 47. Ke6 {[%emt 0:00:01]} Bf4 {[%emt 0:00:07]} 48. Rc5+ {[%emt 0:02:29]} Kg4 {[%emt 0:00:50]} 49. Rc4 {[%emt 0:01:39]} Re3+ {[%emt 0:00:04]} 50. Kf6 {[%emt 0:00:04]} b3 {[%emt 0:00:48]} 51. Rb4 {[%emt 0:01:17]} h5 {[%emt 0:00:26]} 52. Nh6+ {[%emt 0:00:20]} Kf3 {[%emt 0:00:25]} 53. Nf5 {[%emt 0:00:05]} Be5+ {[%emt 0:00:42]} 54. Kg5 {[%emt 0:01:49]} Rd3 {[%emt 0:00:08]} 55. Nh4+ {[%emt 0:00:25]} Ke2 {[%emt 0:01:09]} 56. Rb5 {[%emt 0:01:36]} Bh8 {[%emt 0:01:16]} 57. Ng6 {[%emt 0:00:32]} Rg3+ {[%emt 0:00:09]} 58. Kxh5 {[%emt 0:00:13]} Bf6 {[%emt 0:00:32]} 59. Nf4+ {[%emt 0:01:13]} Kd2 {[%emt 0:00:06]} 60. Nd5 {[%emt 0:00:42]} Bd4 {[%emt 0:00:53]} 61. Kh4 {[%emt 0:00:45]} Rd3 {[%emt 0:00:33]} 62. Nb4 {[%emt 0:01:00]} Bf2+ {[%emt 0:01:00]} 63. Kg4 {[%emt 0:00:04]} Rd7 {[%emt 0:00:31]} 64. Nc6 {[%emt 0:01:00]} Kc3 {[%emt 0:00:12]} 65. Ne5 {[%emt 0:00:26]} Rd6 {[%emt 0:00:30]} 66. Kf4 {[%emt 0:00:31]} Bd4 67. Nd3 {[%emt 0:00:39]} Ba7 {[%emt 0:00:38]} 68. Nc1 {[%emt 0:00:37]} b2 {[%emt 0:01:14]} 69. Na2+ {[%emt 0:00:01]} Kc2 {[%emt 0:00:04]} 70. Nb4+ {[%emt 0:00:02]} Kc1 {[%emt 0:00:27]} 71. Na2+ {[%emt 0:00:10]} Kb1 {[%emt 0:00:05]} 72. Nb4 {[%emt 0:00:44]} Rd4+ {[%emt 0:00:47]} 73. Kf3 {[%emt 0:00:48]} Rd7 {[%emt 0:00:37]} 74. Ke2 {[%emt 0:00:22]} Bd4 {[%emt 0:00:09]} 75. Kd2 {[%emt 0:00:48]} Bg7+ {[%emt 0:00:22]} 76. Nd3 {[%emt 0:00:08]} Ka2 {[%emt 0:00:23]} 77. Ra5+ {[%emt 0:00:45]} Kb3 {[%emt 0:00:08]} 78. Rb5+ {[%emt 0:00:04]} Ka4 {[%emt 0:00:20]} 79. Rb8 {[%emt 0:00:45]} Ka3 {[%emt 0:00:21]} 80. Kc2 {[%emt 0:00:47]} Rc7+ {[%emt 0:01:00]} 81. Kb1 {[%emt 0:00:01]} Rf7 {[%emt 0:00:59]} 82. Ra8+ {[%emt 0:01:34]} Kb3 {[%emt 0:00:04]} 83. Rb8+ {[%emt 0:00:20]} Kc3 {[%emt 0:00:03]} 84. Nxb2 {[%emt 0:00:32]} Be5 {[%emt 0:00:32]} 85. Rb6 {[%emt 0:00:30]} Bd4 {[%emt 0:00:08]} 86. Rb8 {[%emt 0:00:12]} Rf6 {[%emt 0:00:29]} 87. Na4+ {[%emt 0:00:16]} Kd2 {[%emt 0:00:27]} 88. Ka2 {[%emt 0:00:22]} Rf1 {[%emt 0:01:07]} 89. Rb1 {[%emt 0:00:03]} Rf7 {[%emt 0:01:09]} 90. Kb3 {[%emt 0:00:27]} Rb7+ {[%emt 0:00:15]} 91. Ka2 {[%emt 0:00:02]} Rc7 $11 {[%emt 0:00:05]} 92. Rb4 {[%emt 0:01:07]} Bg7 {[%emt 0:01:39]} 93. Kb3 {[%emt 0:00:20]} 1/2-1/2

[Event "17th Delhi GM Open 2019"]
[Site "Delhi"]
[Date "2019.01.13"]
[Round "7"]
[White "Patil, Pratik"]
[Black "Czebe, Attila"]
[Result "1/2-1/2"]
[WhiteElo "2161"]
[BlackElo "2418"]
[Annotator "TA"]
[PlyCount "125"]
[EventDate "2019.01.09"]
[EventType "swiss"]
[EventCountry "IND"]
[SourceTitle "playchess.com"]
[Source "ChessBase"]
[SourceQuality "1"]

{[%evp 10,125,17,8,25,17,29,29,37,36,31,40,72,54,76,78,124,18,18,0,0,0,7,0,0,6,80,67,52,52,114,66,60,56,56,57,58,68,68,28,70,57,55,51,68,50,57,60,61,58,64,60,60,60,60,60,62,61,75,0,0,0,0,0,0,0,0,0,0,0,0,0,0,0,0,0,0,0,0,0,0,0,0,0,0,-83,0,0,0,0,0,0,0,0,0,0,0,0,0,0,0,-5175,-5091,-2589,0,0,0,0,0,0,0,0,0,0,0,0,0,0]} 1. e4 c5 2. c3 d5 3. exd5 Nf6 4. d4 cxd4 5. Qa4+ (5. Bb5+ Bd7 6. Bc4 b5 7. Bb3 dxc3 8. Nxc3 g6 9. Nf3 Bg7 10. Ne5 O-O 11. O-O b4 12. Ne2 {1-0 (53) Pavasovic,D (2548)-Sunilduth Lyna,N (2541) chess.com INT 2017}) 5... Nbd7 6. Qxd4 {LiveBook: 5 Games. B22: Sicilian: 2 c3} g6 7. Nf3 Bg7 8. Be2 {White has an edge.} Nb6 9. c4 O-O {[%cal Rf6d5]} 10. O-O $146 ({Predecessor:} 10. Qh4 e6 11. dxe6 Bxe6 12. Bg5 Bxc4 13. Bxc4 Nxc4 {0-1 (40) Dias,I (2175)-Damaso,R (2425) Lisbon 2014}) 10... Nfxd5 {[%cal Bf6d5,Bd5b4,Bb4c2][%mdl 32]} 11. Qh4 $1 Nb4 12. Nc3 Nc2 13. Rb1 (13. Rd1 $16 Qc7 14. Rb1) 13... e5 $11 14. Qxd8 Rxd8 15. c5 Nd5 16. Bg5 Nxc3 17. bxc3 f6 (17... Rd5 $1 $11) 18. Bc4+ Kf8 {...Na3 is the strong threat.} 19. Bc1 e4 ({Better is} 19... b6 $14) 20. Nd2 f5 {[#]} 21. Nxe4 $1 {[%mdl 512]} fxe4 22. Bb3 Bd7 23. Bxc2 Bc6 24. Bg5 Re8 25. Rfd1 Bxc3 26. Bb3 Re5 27. Bf4 Rf5 28. Bd6+ Kg7 29. Be6 Rf6 30. Bd5 Re8 31. Bxc6 bxc6 32. Rb3 Be5 33. Rb7+ Rf7 {[#]} 34. Bxe5+ (34. Rb8 $1 $16 {[%cal Rb8e8]} Re6 35. Rc8) 34... Rxe5 35. Rdd7 Rxd7 36. Rxd7+ {[%mdl 4096] Endgame KR-KR} Kf6 37. Rd6+ Re6 {Threatening ...Rxd6.} 38. Rd7 Re7 39. Rd6+ Ke5 40. Rxc6 Rb7 {[%cal Rb7b1]} 41. Kf1 (41. h4 {looks sharper.} Rb1+ 42. Kh2 Rb2 43. Ra6 Rxf2 44. Rxa7 Rc2 45. Rxh7 e3 46. Kg3) 41... Kd4 42. Rd6+ Kxc5 43. Rd2 Re7 44. Ke2 Kb4 45. Ke3 a5 {[%cal Ba7a5,Ba5a4,Ba4a3,Ba3a2][%mdl 32]} 46. Rb2+ Ka3 47. Rb5 {[#]} (47. Rd2 $11) 47... Ra7 (47... a4 $1 $17 48. Ra5 Rb7) 48. Kxe4 Kxa2 49. f4 a4 50. g4 Re7+ 51. Re5 Rb7 {aiming for ...a3.} 52. f5 gxf5+ 53. Kxf5 a3 54. h4 Kb3 {White must now prevent ...a2.} 55. h5 $2 {[%mdl 8192]} (55. Re3+ $11 Ka4 56. Re4+ Rb4 57. Re2) 55... a2 $19 56. Re1 h6 $2 ({Black should try} 56... Ka3 $19 57. Kg5 Rb6) 57. g5 $1 $11 {The position is equal.} Rb5+ 58. Kg6 hxg5 59. h6 g4 60. h7 Rb8 {Threatens to win with ...g3.} 61. Rg1 Ra8 62. Rg3+ Kb2 63. Rg2+ {Accuracy: White = 66%, Black = 65%.} 1/2-1/2

[Event "17th Delhi GM Open 2019"]
[Site "Delhi"]
[Date "2019.01.14"]
[Round "8"]
[White "Amonatov, Farrukh"]
[Black "Gukesh D"]
[Result "1/2-1/2"]
[WhiteElo "2621"]
[BlackElo "2497"]
[Annotator "TA"]
[PlyCount "123"]
[EventDate "2019.01.09"]
[EventType "swiss"]
[EventCountry "IND"]
[SourceTitle "playchess.com"]
[Source "ChessBase"]
[SourceQuality "1"]

{[%evp 24,123,41,44,44,0,0,0,20,14,24,17,18,15,32,35,30,22,18,4,99,75,61,74,77,52,166,169,163,155,168,167,169,162,183,159,184,183,158,168,182,158,181,177,185,194,194,190,184,185,190,195,262,261,261,261,261,261,261,258,252,249,226,210,166,153,120,0,0,0,0,0,0,0,0,0,0,0,0,0,0,0,0,0,0,0,0,0,0,0,0,0,0,0,0,0,0,0,0,0,8,8]} 1. e4 c6 2. d4 d5 3. Nd2 dxe4 4. Nxe4 Nf6 5. Nxf6+ exf6 6. c3 Bd6 7. Bd3 O-O 8. Qc2 Re8+ {B15: Caro-Kann: 3 Nc3: 3...g6 and 3...dxe4 4 Nxe4 Nf6 5 Nxf6+ exf6} 9. Ne2 (9. Be3 h5 10. O-O-O Qa5 11. Kb1 Be6 12. c4 Na6 13. Bd2 Nb4 14. Qb3 b5 15. Bxb4 Bxb4 16. Qc2 bxc4 17. Bxc4 Bxc4 18. Qxc4 {0-1 (47) Stevic,H (2589)-Cheparinov,I (2711) Zagreb 2018}) 9... f5 10. Bxf5 Bxf5 11. Qxf5 Nd7 {[%cal Bb8d7,Bd7b6,Bb6c4][%mdl 32]} 12. Be3 Nb6 13. O-O {LiveBook: 7 Games} Nc4 14. Ng3 Bxg3 15. hxg3 Qd5 16. Qxd5 cxd5 17. Bc1 $146 Re2 18. b3 Nd6 19. Bf4 Nb5 20. Rfc1 Rc8 21. Kf1 $36 {[%mdl 2048] White is pushing.} Re7 (21... Rb2 $11) 22. Re1 Rxe1+ 23. Rxe1 Nxc3 $16 {[%mdl 4096] Endgame KRB-KRN} 24. a4 b5 (24... Ne4 $14) 25. Rc1 $1 $18 {Hoping for axb5.} b4 26. Bd2 $1 Kf8 27. Bxc3 $1 bxc3 {KR-KR} 28. Ke2 Ke7 29. Kd3 Kd6 30. Rxc3 Rb8 31. Kc2 Rb4 32. Rf3 f6 33. Kc3 Rb8 34. g4 $1 a5 35. Rh3 h6 36. Re3 Rh8 37. f4 {[%cal Bf2f4,Bf4f5][%mdl 32]} h5 (37... Rc8+ {is a better defense.} 38. Kb2 Rg8) 38. f5 hxg4 39. Re6+ Kc7 {[#]} 40. Ra6 $1 Rh2 41. Rxa5 Rxg2 42. Ra7+ ({Not} 42. Rxd5 g3 $11) 42... Kb6 43. Rxg7 g3 44. Rg6 {Strongly threatening Kb4.} Ka5 {[#]} 45. Rxf6 ({White has to play} 45. Rg8 $1 $16) 45... Rf2 $11 {The position is equal.} 46. Rg6 g2 $1 47. Rg8 (47. f6 {seems wilder.} Rxf6 48. Rxg2 Rf3+ 49. Kb2 Kb4 50. a5) 47... Rxf5 48. Rxg2 {aiming for Rg8.} Rf3+ 49. Kc2 Kb4 50. Rg5 Rc3+ 51. Kd2 Rxb3 52. Rxd5 {White threatens Rb5+ and mate.} Kc4 53. Kc2 Rc3+ 54. Kb2 {Rc5+ would kill now.} Rb3+ 55. Ka2 Rd3 56. Rb5 Rd2+ 57. Ka3 Rd3+ 58. Kb2 Rd2+ 59. Ka3 {Black must now prevent Rb4+.} Rd3+ 60. Ka2 Rd2+ 61. Rb2 Rxb2+ 62. Kxb2 {Accuracy: White = 74%, Black = 60%.} 1/2-1/2

[Event "17th Delhi GM Open 2019"]
[Site "Delhi"]
[Date "2019.01.14"]
[Round "8"]
[White "Predke, Alexandr"]
[Black "Patil, Pratik"]
[Result "1-0"]
[WhiteElo "2620"]
[BlackElo "2161"]
[Annotator "TA"]
[PlyCount "51"]
[EventDate "2019.01.09"]
[EventType "swiss"]
[EventCountry "IND"]
[SourceTitle "playchess.com"]
[Source "ChessBase"]
[SourceQuality "1"]

{[%evp 9,51,23,23,0,0,-4,0,-59,-83,-164,-37,-108,0,-12,18,12,10,14,34,33,26,33,23,31,49,46,35,49,81,83,174,169,180,180,241,236,245,152,181,130,139,144,404,407]} 1. d4 Nf6 2. Bf4 g6 3. Nc3 d5 4. Qd2 Bg7 5. O-O-O O-O {LiveBook: 11 Games} 6. h4 {[#] A45: Trompowsky Attack} (6. f3 c5 7. dxc5 Qa5 8. Kb1 Qxc5 9. e3 Nc6 10. Na4 Qa5 11. Qxa5 Nxa5 12. Nc3 Nc6 13. Nge2 e6 {1-0 (78) Grischuk,A (2774)-Kovalev,V (2546) Berlin 2015}) 6... c5 $1 {[%mdl 512] Hoping for ...cxd4.} 7. e3 $146 (7. dxc5 Na6) ({Predecessor:} 7. dxc5 Qa5 8. Kb1 Nc6 9. Nxd5 Qxc5 10. Qe3 Qxe3 11. Nxf6+ Bxf6 12. Bxe3 Bf5 13. a3 Rfd8 14. Rxd8+ Rxd8 {0-1 (51) Keijzer,R (1852)-Pasko,P ICCF email 2006}) 7... Nc6 8. Nge2 (8. dxc5 $11 e5 9. Bg5) 8... Qa5 $1 $15 9. Ng3 {[#]} (9. Bg5 $17) 9... h5 (9... Ng4 $1 $19 {White must now prevent ...cxd4.} 10. h5 cxd4 11. exd4 Bxd4) 10. Bb5 (10. Kb1 $15) 10... Nb4 (10... Ng4 $17 11. a4 a6 12. Bxc6 bxc6) 11. a3 $11 Na2+ (11... cxd4 {is more complex.} 12. Qxd4 Nc6 13. Bxc6 bxc6 14. Be5 c5) 12. Nxa2 Qxb5 13. Be5 {[%cal Bf4e5,Be5d4,Bd4a7][%mdl 32]} Be6 14. Nc3 $36 {[%mdl 2048] White fights for an advantage.} Qc4 15. f3 cxd4 16. Qxd4 Qxd4 17. Bxd4 Bh6 18. Nge2 Nd7 19. Nf4 Bf5 (19... Bxf4 $16 {keeps fighting.} 20. exf4 Rfc8) 20. Nfxd5 $18 e5 {[#]} 21. Bxa7 $1 {[%mdl 512] Strongly threatening Ne7+.} Kg7 (21... Be6 $142) (21... Rxa7 22. Ne7+) 22. Nb5 Rfc8 23. Rd2 b6 {With the idea ...Rc5.} 24. Re1 ({Don't do} 24. Nxb6 $6 Nxb6 25. Bxb6 Rc6 $14) ({White should try} 24. b4 $18) 24... Rc5 $16 25. Ndc3 Rac8 $2 {[%mdl 8192]} (25... Rc4 $16 {was worth a try.} 26. Kb1 Rc6) 26. Nd6 {Precision: White = 55%, Black = 29%.} 1-0